000 00747cam a2200229 4500
001 2960
005 20181127170139.0
008 990216s2000 txua b 001 0 eng
010 _a 99061159
020 _a0030261864
100 1 _aYarbrough, Beth V.
245 1 4 _aThe world economy :
_btrade and finance /
_cBeth V. Yarbrough, Robert M. Yarbrough.
250 _a5th ed.
260 _aFort Worth :
_bHarcourt College Publishers,
_c2000.
300 _axxviii, 957 p. :
_bill. (some co.) ;
_c25 cm.
504 _aIncludes bibliographical references and indexes.
650 0 _aCommercial policy.
650 0 _aEconomic policy.
650 0 _aInternational economic relations.
650 0 _aInternational finance.
700 1 _aYarbrough, Robert M.
999 _c2378
_d2378